000 00445nam a2200193Ia 4500
005 20240823021641.0
008 240823s9999||||xx |||||||||||||| ||und||
020 _a0-00-719906-6
041 _aENGLISH
082 _A823 P4
100 _aSidney Sheldon
245 0 _aAre You Afraid of the Dark ?
250 _a1st
260 _c2004
_b"Harper Collins,New"
500 _aYES
650 _aNovel
_bEnglish
942 _cBK
999 _c177455
_d177455